书目信息 |
| 题名: |
你是我的
|
|
| 作者: | 敏子 著 | |
| 分册: | ||
| 出版信息: | 大众文艺 2002.01 |
|
| 页数: | ||
| 开本: | ||
| 丛书名: | ||
| 单 册: | ||
| 中图分类: | I247.5 | |
| 科图分类: | ||
| 主题词: | 小说--中国 | |
| 电子资源: | ||
| ISBN: | 978-7-80094-996-8 | |
| 000 | 00553nam0 2200217 45 | |
| 001 | 0960661034 | |
| 005 | 20091016165212.29 | |
| 010 | @a978-7-80094-996-8@dCNY29.80 | |
| 100 | @a20090515d2002 ekmy0 y0120 ea | |
| 102 | @aCN@b130000 | |
| 102 | @aCN@b110000 | |
| 105 | @ay z 000yy | |
| 200 | 1 | @a你是我的@f敏子著@Fmin zi zhu |
| 210 | @c大众文艺@d2002.01 | |
| 210 | @a北京@c大众文艺出版社 | |
| 606 | 0 | @a小说@x中国 |
| 690 | @aI247.5@v4 | |
| 701 | 0 | @a敏子@Amin zi@4著 |
| 801 | 0 | @aCN@c20091016 |
| 905 | @a10447@dI247.5@eM8003 | |
| 906 | @d30@n3@r1 | |
| 你是我的/敏子著.-大众文艺,2002.01.-北京:大众文艺出版社 |
| ISBN 978-7-80094-996-8:CNY29.80 |
| ● |
| 相关链接 |
|
|
|
正题名:你是我的
索取号:I247.5/M8003
 
预约/预借
| 序号 | 登录号 | 条形码 | 馆藏地/架位号 | 状态 | 备注 |
| 1 | 657385 | 206573858 | 社科二线400B/400B社科库 2排3列6层/ [索取号:I247.5/M8003] | 在馆 | |
| 2 | 657386 | 206573867 | 文学库108/108文学库 34排2列4层/ [索取号:I247.5/M8003] | 在馆 | |
| 3 | 657387 | 206573876 | 社科二线400B/400B社科库 14排4列4层/ [索取号:I247.5/M8003] | 在馆 |